[Event "Budapesti csapatbajnokság 2010-11"]
[Site "Budapest"]
[Date "2010.09.19"]
[Round "1"]
[White "Baranyai, Szabolcs Jr"]
[Black "Kovacs, Gabor"]
[Result "1-0"]
[WhiteElo "2286"]
[BlackElo "2179"]
[PlyCount "120"]
[EventDate "2010.09.19"]
[EventType "tourn"]
[EventRounds "11"]
[EventCountry "HUN"]
[SourceTitle "OM OTB B 201907"]
[Source "Opening Master"]
[SourceDate "2019.07.06"]
[SourceVersion "2"]
[SourceVersionDate "2019.07.06"]
[SourceQuality "1"]

1. e4 e5 2. Nf3 Nc6 3. c3 f5 4. d4 fxe4 5. Nxe5 Nf6 6. Bg5 d6 7. Nc4 d5 8. Ne3
Be6 9. c4 Bb4+ 10. Nc3 O-O 11. cxd5 h6 12. dxc6 hxg5 13. cxb7 Rb8 14. Be2 Rxb7
15. O-O Bd6 16. Bc4 Bf7 17. b3 Qd7 18. Bxf7+ Qxf7 19. Qe2 Qg6 20. Nc4 Qf5 21.
Nxd6 cxd6 22. f3 exf3 23. Rxf3 Qd7 24. Raf1 g4 25. Rf4 Re8 26. Qd3 Qe6 27. d5
Qe3+ 28. Qxe3 Rxe3 29. Rc4 Rd3 30. Rd1 Rxd1+ 31. Nxd1 Nxd5 32. Rxg4 Kf7 33. Kf2
Ke6 34. Re4+ Kf6 35. Ke2 Kf5 36. Kf3 Rf7 37. Ne3+ Kg6+ 38. Kg3 Nf6 39. Re6 Rd7
40. Nd5 Kf5 41. Nxf6 gxf6 42. Re8 Rc7 43. Kf3 Rc2 44. Re2 Rc3+ 45. Re3 Rc2 46.
a4 d5 47. g4+ Kg5 48. Rd3 d4 49. h3 Kh4 50. Ke4 Rh2 51. Kxd4 Rxh3 52. Rxh3+
Kxh3 53. b4 Kxg4 54. b5 f5 55. a5 f4 56. b6 axb6 57. axb6 f3 58. Ke3 Kg3 59. b7
f2 60. b8=Q+ Kg2 1-0

[Event "Nuremberg Zabo op 12th"]
[Site "Nuremberg"]
[Date "2010.09.17"]
[Round "1"]
[White "Wettermann, Bernd"]
[Black "Mantel, Ruben"]
[Result "1-0"]
[WhiteElo "1767"]
[BlackElo "1501"]
[PlyCount "61"]
[EventDate "2010.09.17"]
[EventType "swiss"]
[EventRounds "5"]
[EventCountry "GER"]
[SourceTitle "EXT 2011"]
[Source "ChessBase"]
[SourceDate "2010.11.26"]
[SourceVersion "1"]
[SourceVersionDate "2010.11.26"]
[SourceQuality "1"]

1. e4 e5 2. Nf3 Nc6 3. c3 Nf6 4. d4 exd4 5. e5 Nd5 6. cxd4 Bb4+ 7. Bd2 Bxd2+ 8.
Nbxd2 d6 9. Bc4 Be6 10. O-O O-O 11. a3 dxe5 12. dxe5 Bg4 13. Qb3 Nb6 14. Rac1
Bxf3 15. Nxf3 Na5 16. Qb5 Naxc4 17. Rxc4 Nxc4 18. Qxc4 c6 19. h4 Qd5 20. Qc2
Rad8 21. Ng5 Qd3 22. Qc5 Qd4 23. Qc2 Qxh4 24. f4 g6 25. Qe2 h6 26. Ne4 Qe7 27.
Nf6+ Kg7 28. Rf3 Qc5+ 29. Kh2 Qd4 30. Rg3 Qxf4 31. Nh5+ 1-0

[Event "Wch Blitz sf (Women)"]
[Site "Moscow"]
[Date "2010.09.16"]
[Round "20"]
[White "Pustovoitova, Daria"]
[Black "Pogonina, Natalija"]
[Result "1/2-1/2"]
[WhiteElo "2319"]
[BlackElo "2501"]
[PlyCount "137"]
[EventDate "2010.09.15"]
[EventType "swiss (blitz)"]
[EventRounds "26"]
[EventCountry "RUS"]
[SourceTitle "CBM 138 Extra"]
[Source "ChessBase"]
[SourceDate "2010.10.29"]
[SourceVersion "1"]
[SourceVersionDate "2010.10.29"]
[SourceQuality "1"]

1. e4 e5 2. Nf3 Nc6 3. c3 d5 4. Qa4 Qd6 5. exd5 Qxd5 6. Bb5 Bd7 7. O-O O-O-O 8.
c4 Qc5 9. Ng5 Qe7 10. d4 exd4 11. Bxc6 Bxc6 12. Qxa7 h6 13. Nh3 Qc5 14. Qxc5
Bxc5 15. Bf4 Nf6 16. Nd2 Rhe8 17. a3 g5 18. Bg3 d3 19. Rae1 Bd4 20. Rxe8 Rxe8
21. b3 Re2 22. Rd1 Bb2 23. f3 Bxa3 24. Nf1 Bc5+ 25. Kh1 Rb2 26. Be5 Rxb3 27.
Bxf6 Ba4 28. g3 Ra3 29. Ra1 Rxa1 30. Bxa1 Bb4 31. Nf2 d2 32. Ne3 Bc5 33. Nfd1
Bxe3 34. Nxe3 d1=Q+ 35. Nxd1 Bxd1 36. Bg7 h5 37. c5 Bxf3+ 38. Kg1 Kd7 39. Kf2
Be4 40. Ke3 Bg6 41. Bf6 g4 42. Kd4 Kc6 43. Bg5 b5 44. cxb6 cxb6 45. Bd2 b5 46.
Bb4 Bc2 47. Ke5 f5 48. Ba3 Be4 49. Bb4 Kb6 50. Kd6 Bf3 51. Ke5 Be4 52. Kd4 Kc7
53. Ke5 Kd7 54. Kd4 Ke6 55. Bd2 Bf3 56. Bb4 Be2 57. Bd2 Bc4 58. Bb4 h4 59. Bd2
h3 60. Bf4 Bf1 61. Kc5 b4 62. Kxb4 Kd5 63. Kc3 Ke4 64. Kd2 Kf3 65. Ke1 Kg2 66.
Be5 Bd3 67. Bf4 Be4 68. Be5 Kxh2 69. Kf2 1/2-1/2

[Event "Wch Blitz sf (Women)"]
[Site "Moscow"]
[Date "2010.09.15"]
[Round "9"]
[White "Pustovoitova, Daria"]
[Black "Meshcheriakova, Evgenia"]
[Result "1-0"]
[WhiteElo "2319"]
[BlackElo "2260"]
[PlyCount "121"]
[EventDate "2010.09.15"]
[EventType "swiss (blitz)"]
[EventRounds "26"]
[EventCountry "RUS"]
[SourceTitle "CBM 138 Extra"]
[Source "ChessBase"]
[SourceDate "2010.10.29"]
[SourceVersion "1"]
[SourceVersionDate "2010.10.29"]
[SourceQuality "1"]

1. e4 e5 2. Nf3 Nc6 3. c3 d5 4. Qa4 dxe4 5. Nxe5 Nf6 6. Bc4 Be6 7. Nxc6 bxc6 8.
Bxe6 fxe6 9. Qxc6+ Kf7 10. O-O Bd6 11. f3 exf3 12. Qxf3 Rf8 13. d4 Kg8 14. Bg5
Rb8 15. b4 Qd7 16. Nd2 Nd5 17. Qh3 Nf4 18. Bxf4 Bxf4 19. Ne4 Qd5 20. Nc5 Rbe8
21. Rae1 e5 22. dxe5 Bxe5 23. Rxf8+ Rxf8 24. Qe6+ Qxe6 25. Nxe6 Rf5 26. Re3 Bd6
27. Nd4 Rf8 28. Nc6 a6 29. g3 Rf5 30. Kg2 Rd5 31. Ne7+ Bxe7 32. Rxe7 Rd2+ 33.
Kh3 Rxa2 34. Rxc7 Rc2 35. Rc6 Kf8 36. c4 Ke7 37. c5 Kd7 38. Rxa6 Rb2 39. Rb6
Kc7 40. g4 Rc2 41. Kg3 Rc3+ 42. Kf4 Rc4+ 43. Kf5 Rc2 44. h4 Rf2+ 45. Ke5 Rg2
46. Re6 Rxg4 47. Kd5 Rxb4 48. Re7+ Kd8 49. Rxg7 Rxh4 50. Kd6 Rh6+ 51. Kd5 Rh5+
52. Kc6 Rh6+ 53. Kb7 Rh1 54. Rg8+ Kd7 55. c6+ Ke6 56. c7 Rb1+ 57. Ka6 Ra1+ 58.
Kb5 Rc1 59. c8=Q+ Rxc8 60. Rxc8 h5 61. Rh8 1-0

[Event "FICGS__CHESS__RAPID_E__000035"]
[Site "FICGS"]
[Date "2010.09.14"]
[Round "1"]
[White "Melquiades, Jay"]
[Black "Marques, João"]
[Result "1/2-1/2"]
[WhiteElo "946"]
[BlackElo "1285"]
[PlyCount "83"]
[EventDate "2010.??.??"]
[EventType "rapid"]

1. e4 e5 2. Nf3 Nc6 3. c3 Nf6 4. Bb5 a6 5. Bxc6 dxc6 6. d3 Be7 7. Nxe5 O-O 8.
f4 Bd6 9. Nc4 Bc5 10. Be3 Bg4 11. Qc2 Bxe3 12. Nxe3 Bd7 13. Nd2 c5 14. Ndc4 b6
15. e5 Ng4 16. O-O-O b5 17. Nd5 bxc4 18. dxc4 c6 19. h3 Nh6 20. Rhe1 cxd5 21.
Rxd5 Qc7 22. g4 Be6 23. Rd2 f6 24. exf6 Bxc4 25. Re7 Qxe7 26. fxe7 Rfe8 27. Qa4
Bb5 28. Qa5 Rxe7 29. Rd8+ Re8 30. Rd5 Nf7 31. Rxc5 Nd6 32. Qb4 Ne4 33. Qb3+ Kh8
34. Rc7 Rg8 35. Qe6 Nf2 36. f5 Nxh3 37. f6 Rae8 38. fxg7+ Rxg7 39. Qf6 Reg8 40.
Rxg7 Rxg7 41. Qf8+ Rg8 42. Qf6+ 1/2-1/2

[Event "FICGS__CHESS__RAPID_E__000035"]
[Site "FICGS"]
[Date "2010.09.14"]
[Round "1"]
[White "Melquiades, Jay"]
[Black "Bromo, Alexis"]
[Result "1-0"]
[WhiteElo "946"]
[BlackElo "1303"]
[PlyCount "45"]
[EventDate "2010.??.??"]
[EventType "rapid"]

1. e4 e5 2. Nf3 Nc6 3. c3 Nf6 4. Bd3 d5 5. O-O Bg4 6. h3 Bh5 7. Re1 Bd6 8. exd5
Nxd5 9. g4 Bg6 10. Bxg6 hxg6 11. d4 f6 12. Nbd2 f5 13. Nc4 Rxh3 14. Ng5 Nf4 15.
Bxf4 Kd7 16. dxe5 Kc8 17. exd6 Rh4 18. f3 b6 19. Nf7 Qf6 20. Re8+ Kb7 21. Rxa8
fxg4 22. Rf8 Ka6 23. Qa4+ 1-0

[Event "Borup op 5th"]
[Site "Borup"]
[Date "2010.09.10"]
[Round "6"]
[White "Ambirk, Jan Robert"]
[Black "Hansen, Lars Henrik Bech"]
[Result "1/2-1/2"]
[WhiteElo "2136"]
[BlackElo "2039"]
[PlyCount "22"]
[EventDate "2010.09.03"]
[EventType "swiss"]
[EventRounds "9"]
[EventCountry "DEN"]
[SourceTitle "CBM 138 Extra"]
[Source "ChessBase"]
[SourceDate "2010.10.29"]
[SourceVersion "1"]
[SourceVersionDate "2010.10.29"]
[SourceQuality "1"]

1. e4 e5 2. Nf3 Nc6 3. c3 Nf6 4. d4 d6 5. dxe5 dxe5 6. Qxd8+ Nxd8 7. Nxe5 Nxe4
8. Bc4 Be6 9. Bxe6 Nxe6 10. Be3 Bd6 11. Nc4 Bf4 1/2-1/2

[Event "Tromsø klubbmesterskap"]
[Site "Tromsø"]
[Date "2010.09.09"]
[Round "1"]
[White "Røyset, Jon Kristian"]
[Black "Joensen, John"]
[Result "1/2-1/2"]
[WhiteElo "2117"]
[BlackElo "1775"]
[PlyCount "153"]
[EventDate "2010.??.??"]

1. e4 e5 2. Nf3 Nc6 3. c3 d6 4. d4 Nf6 5. Bd3 Be7 6. O-O O-O 7. Re1 Bg4 8. d5
Nb8 9. c4 Nbd7 10. h3 Bh5 11. g4 Bg6 12. Nc3 a5 13. Be3 b6 14. a3 Nc5 15. Qc2
h5 16. Nh2 a4 17. f3 Qd7 18. Qe2 Nh7 19. Bc2 Bh4 20. Reb1 Ng5 21. Kg2 Nb3 22.
Bxb3 axb3 23. Rg1 hxg4 24. hxg4 Nh7 25. Nf1 Bg5 26. Bxg5 Nxg5 27. Rh1 Rae8 28.
Ng3 f6 29. Rh4 Rc8 30. Qd1 Kf7 31. Qxb3 Rb8 32. a4 Ra8 33. Rah1 Rfb8 34. Qd1
Rg8 35. Nf1 Qc8 36. Ne3 Qa6 37. b4 Ke7 38. Qb3 Qa7 39. Ra1 Be8 40. Nc2 Qb7 41.
b5 Bd7 42. Nb4 Qc8 43. Nd3 Nf7 44. Qb4 Nh8 45. Kg3 Ng6 46. Rh2 Rh8 47. Rah1 Rg8
48. Rh7 Nf8 49. Rh8 Ng6 50. Rxg8 Qxg8 51. Qb2 Be8 52. Qh2 Bf7 53. Qh7 Kf8 54.
Kf2 Qxh7 55. Rxh7 Kg8 56. Rh2 Nf8 57. Ke3 g5 58. Ra2 Nd7 59. a5 bxa5 60. c5
dxc5 61. Nb2 Nb6 62. Kd3 Be8 63. Nc4 a4 64. Ra3 Kf8 65. Nxb6 cxb6 66. Kc4 Ke7
67. Rxa4 Rb8 68. Ra7+ Kd6 69. Nd1 Bd7 70. Ne3 Rh8 71. Rb7 Rh3 72. Rxb6+ Ke7 73.
d6+ Ke6 74. Nd5 Rxf3 75. Nc7+ Kf7 76. Rb8 Bxg4 77. b6 {...} 1/2-1/2

[Event "SN-2010-0-00274"]
[Site "Lechenicher SchachServer"]
[Date "2010.09.09"]
[Round "?"]
[White "Lawrence, William"]
[Black "Mori, Roberto"]
[Result "1-0"]
[WhiteElo "1015"]
[BlackElo "662"]
[PlyCount "23"]
[EventDate "2010.08.31"]

1. e4 e5 2. Nf3 Nc6 3. c3 Bc5 4. d4 exd4 5. cxd4 Bb4+ 6. Bd2 Qe7 7. Bd3 Nf6 8.
O-O O-O 9. e5 Nd5 10. Nc3 h6 11. Nxd5 Qe8 12. Nxc7 1-0

[Event "FICS rated standard game"]
[Site "FICS freechess.org"]
[Date "2010.09.09"]
[Round "?"]
[White "WolfiW"]
[Black "SreeSai"]
[Result "1/2-1/2"]
[WhiteElo "2089"]
[BlackElo "2078"]
[PlyCount "133"]
[EventDate "2010.??.??"]
[SourceTitle "OM Portal C 201906"]
[Source "Opening Master"]
[SourceDate "2019.06.27"]
[SourceVersion "1"]
[SourceVersionDate "2019.06.27"]
[SourceQuality "1"]

1. e4 e5 2. Nf3 Nc6 3. c3 Nf6 4. Bb5 d6 5. O-O Be7 6. d4 exd4 7. cxd4 Nxe4 8.
d5 a6 9. Ba4 b5 10. Bc2 Nxf2 11. Rxf2 Ne5 12. Nxe5 dxe5 13. Nc3 Bc5 14. Ne4
Bxf2+ 15. Nxf2 O-O 16. Be3 Bb7 17. Qh5 g6 18. Qxe5 Re8 19. Qg3 Qf6 20. Bb3 Qxb2
21. Rf1 Qc3 22. Nd1 Qe5 23. Bf4 Qd4+ 24. Be3 Qe5 25. Qf2 Bxd5 26. Bd4 Qe6 27.
Bxd5 Qxd5 28. Qf6 Kf8 29. Ne3 Qe6 30. Qg7+ Ke7 31. Bc5+ Kd8 32. Rxf7 Qe5 33.
Rd7+ Kc8 34. Qf7 Rd8 35. Rxd8+ Kxd8 36. Qg8+ Kd7 37. Qxa8 Qxc5 38. Kf2 Qd6 39.
Qd5 Qxd5 40. Nxd5 Kd6 41. Nf6 h5 42. Ke3 c5 43. h4 Ke6 44. Ne4 Kd5 45. Nd2 a5
46. Nb3 a4 47. Nc1 b4 48. Nd3 b3 49. axb3 axb3 50. Kd2 Kd4 51. Nc1 c4 52. Ne2+
Ke4 53. Kc3 Ke3 54. Nd4 b2 55. Nc2+ Kf2 56. Kxb2 Kxg2 57. Ne3+ Kg3 58. Kc3 Kxh4
59. Kxc4 Kg3 60. Kd4 h4 61. Ke4 h3 62. Ke5 h2 63. Nf1+ Kh3 64. Nxh2 Kxh2 65.
Kf4 Kh3 66. Kg5 Kg3 67. Kxg6 1/2-1/2

[Event "Yuzhny op"]
[Site "Yuzhny"]
[Date "2010.09.08"]
[Round "3"]
[White "Kutsyj, Alexander"]
[Black "Iakymov, Volodymyr"]
[Result "0-1"]
[WhiteElo "2302"]
[BlackElo "2459"]
[PlyCount "108"]
[EventDate "2010.09.07"]
[EventType "swiss"]
[EventRounds "9"]
[EventCountry "UKR"]
[SourceTitle "CBM 138 Extra"]
[Source "ChessBase"]
[SourceDate "2010.10.29"]
[SourceVersion "1"]
[SourceVersionDate "2010.10.29"]
[SourceQuality "1"]

1. e4 Nc6 2. Nf3 e5 3. c3 Nf6 4. d4 exd4 5. e5 Nd5 6. Bb5 Be7 7. O-O O-O 8.
cxd4 d6 9. Nc3 Be6 10. Ne4 a6 11. Bxc6 bxc6 12. Bg5 f6 13. exf6 Nxf6 14. Re1
Qd7 15. Qe2 Bd5 16. Nc3 Rae8 17. Nxd5 Nxd5 18. Qd2 Bxg5 19. Qxg5 h6 20. Qd2 Nf4
21. Rxe8 Qxe8 22. Qe3 Qh5 23. Re1 Qg4 24. Qb3+ Kh8 25. g3 g5 26. Kh1 Nd5 27.
Ng1 Qxd4 28. f3 Qb4 29. Qxb4 Nxb4 30. Re7 Nd5 31. Re4 Rb8 32. Re2 c5 33. b3 Kg8
34. Kg2 Kf7 35. Kf2 Rb4 36. Rc2 a5 37. Ne2 a4 38. Nc1 axb3 39. axb3 Ne7 40. Rc3
Nc6 41. Nd3 Rb7 42. f4 g4 43. Kg2 Nd4 44. Nc1 c6 45. h3 h5 46. hxg4 hxg4 47.
Kf2 Kf6 48. Rd3 Kf5 49. Ne2 d5 50. Nc1 Rh7 51. Kg2 Nf3 52. Rc3 Rh2+ 53. Kf1 c4
54. bxc4 d4 0-1

[Event "Borup op 5th"]
[Site "Borup"]
[Date "2010.09.04"]
[Round "2"]
[White "Ambirk, Jan Robert"]
[Black "Larsen, Jesper Riis"]
[Result "1/2-1/2"]
[WhiteElo "2136"]
[BlackElo "2004"]
[PlyCount "62"]
[EventDate "2010.09.03"]
[EventType "swiss"]
[EventRounds "9"]
[EventCountry "DEN"]
[SourceTitle "CBM 138 Extra"]
[Source "ChessBase"]
[SourceDate "2010.10.29"]
[SourceVersion "1"]
[SourceVersionDate "2010.10.29"]
[SourceQuality "1"]

1. e4 e5 2. Nf3 Nc6 3. c3 Nf6 4. d4 Nxe4 5. d5 Ne7 6. Nxe5 Ng6 7. Qd4 Qe7 8.
Qxe4 Nxe5 9. Be3 d6 10. Bb5+ Bd7 11. Bxd7+ Nxd7 12. Qxe7+ Bxe7 13. Nd2 Ne5 14.
O-O O-O 15. Bd4 Bf6 16. Ne4 Rfe8 17. Rad1 Bh4 18. Rfe1 f5 19. Ng3 Bxg3 20. hxg3
Kf7 21. Re3 Ng4 22. Rxe8 Rxe8 23. f3 Nf6 24. Bxf6 Kxf6 25. Kf2 g5 26. Rd4 h5
27. Ra4 a6 28. Rb4 b6 29. Rd4 a5 30. a4 g4 31. f4 Re7 1/2-1/2

[Event "hřstturnering, Klasse Mester"]
[Site "Asker"]
[Date "2010.08.30"]
[Round "1"]
[White "Lund, Petter"]
[Black "Cevro, Felix"]
[Result "0-1"]
[WhiteElo "1547"]
[BlackElo "1363"]
[PlyCount "64"]
[EventDate "2010.??.??"]
[EventRounds "6"]
[EventCountry "NOR"]
[SourceTitle "OM OTB B 201907"]
[Source "Opening Master"]
[SourceDate "2019.07.06"]
[SourceVersion "2"]
[SourceVersionDate "2019.07.06"]
[SourceQuality "1"]

1. e4 e5 2. Nf3 Nc6 3. c3 Nf6 4. Bd3 Bc5 5. O-O O-O 6. Bc2 d6 7. b4 Bb6 8. d3
h6 9. a4 a6 10. Ba3 Bg4 11. Nbd2 Ba7 12. Qe1 Qd7 13. Kh1 Ne7 14. d4 Ng6 15.
dxe5 dxe5 16. Ng1 Rad8 17. Nc4 b5 18. Ne3 Be6 19. Nf5 Qd2 20. Ne3 Bxe3 21. fxe3
Qxc2 22. h4 Qxe4 23. Rxf6 gxf6 24. Nf3 Bg4 25. Qf2 Bxf3 26. Rg1 Rd1 27. gxf3
Rxg1+ 28. Kxg1 Qxh4 29. Qe2 Kh7 30. axb5 axb5 31. Qd3 Rg8 32. Kf1 Qc4 0-1

[Event "FICS rated standard game"]
[Site "FICS freechess.org"]
[Date "2010.08.30"]
[Round "?"]
[White "WolfiW"]
[Black "SreeSai"]
[Result "0-1"]
[WhiteElo "2170"]
[BlackElo "2025"]
[PlyCount "84"]
[EventDate "2010.??.??"]
[SourceTitle "OM Portal C 201906"]
[Source "Opening Master"]
[SourceDate "2019.06.27"]
[SourceVersion "1"]
[SourceVersionDate "2019.06.27"]
[SourceQuality "1"]

1. e4 e5 2. Nf3 Nc6 3. c3 Bc5 4. b4 Bd6 5. Bc4 Nf6 6. d3 O-O 7. Bg5 a6 8. a4
Be7 9. Nbd2 d6 10. b5 axb5 11. axb5 Rxa1 12. Qxa1 Nb8 13. Qa7 Nbd7 14. d4 exd4
15. cxd4 Nb6 16. Bd3 d5 17. Bxf6 Bxf6 18. e5 Re8 19. O-O Bg5 20. Nxg5 Qxg5 21.
Nf3 Qf4 22. Qb8 Rf8 23. Qxc7 Nc4 24. Bxc4 dxc4 25. Qxc4 Bg4 26. Qc1 Qf5 27. Qe3
Qd7 28. Ng5 Qxb5 29. Qe4 f5 30. Rb1 Rc8 31. h3 Rc1+ 32. Rxc1 fxe4 33. hxg4 Kf8
34. Rc8+ Ke7 35. Rc7+ Ke8 36. Rxg7 Qc4 37. Nxh7 Qc1+ 38. Kh2 Qh6+ 39. Kg3 Qxg7
40. Nf6+ Ke7 41. Nxe4 Qg8 42. Nf6 Qb3+ 0-1

[Event "ZH-2010-0-00466"]
[Site "Lechenicher SchachServer"]
[Date "2010.08.30"]
[Round "?"]
[White "Aalderink, Gerwin"]
[Black "Kunakov, Oleg"]
[Result "1-0"]
[WhiteElo "2027"]
[BlackElo "1862"]
[PlyCount "65"]
[EventDate "2010.08.20"]

1. e4 e5 2. Nf3 Nc6 3. c3 d5 4. Qa4 f6 5. Bb5 Nge7 6. exd5 Qxd5 7. O-O e4 8.
Ne1 Bd7 9. Na3 Ng6 10. d3 exd3 11. Nxd3 Bxa3 12. bxa3 Nce5 13. Bxd7+ Qxd7 14.
Qxd7+ Nxd7 15. Re1+ Kf7 16. Be3 Rhd8 17. Rad1 Nde5 18. Nxe5+ Nxe5 19. Bf4 Rxd1
20. Rxd1 Re8 21. f3 g5 22. Bg3 Kg6 23. h4 gxh4 24. Bxh4 Re6 25. Rd8 Rc6 26. Be1
Ra6 27. Rg8+ Kf5 28. Rg7 h5 29. Bg3 b6 30. Rxc7 Rxa3 31. Rh7 Kg6 32. Rc7 Rxa2
33. Bxe5 1-0

[Event "Polanica Zdroj op-E 46th"]
[Site "Polanica Zdroj"]
[Date "2010.08.28"]
[Round "10"]
[White "Niezgoda, Boleslaw"]
[Black "Kwilecki, Andrzej"]
[Result "1/2-1/2"]
[WhiteElo "1761"]
[BlackElo "1917"]
[PlyCount "27"]
[EventDate "2010.08.19"]
[EventType "swiss"]
[EventRounds "10"]
[EventCountry "POL"]
[SourceTitle "CBM 138 Extra"]
[Source "ChessBase"]
[SourceDate "2010.10.29"]
[SourceVersion "1"]
[SourceVersionDate "2010.10.29"]
[SourceQuality "1"]

1. e4 e5 2. Nf3 Nc6 3. c3 d5 4. exd5 Qxd5 5. d3 Bg4 6. Nbd2 Nf6 7. Be2 h6 8. c4
Qd7 9. O-O Rd8 10. a3 Bd6 11. h3 Bf5 12. Nh4 Bh7 13. Nhf3 O-O 14. b4 1/2-1/2

[Event "FICGS__CHESS__RAPID_E__000034"]
[Site "FICGS"]
[Date "2010.08.28"]
[Round "1"]
[White "Melquiades, Jay"]
[Black "Kehayov, Yulian"]
[Result "0-1"]
[WhiteElo "814"]
[BlackElo "1200"]
[PlyCount "84"]
[EventDate "2010.??.??"]
[EventType "rapid"]

1. e4 e5 2. Nf3 Nc6 3. c3 d5 4. Bb5 Qd6 5. d4 Bd7 6. Nbd2 Nf6 7. dxe5 Nxe5 8.
a4 Bxb5 9. axb5 dxe4 10. Nd4 c6 11. O-O c5 12. Nf5 Qe6 13. g4 Nexg4 14. Nh4 Bd6
15. Re1 O-O 16. Nb3 Qe5 17. Ng2 Qxh2+ 18. Kf1 Qe5 19. Bf4 Nh2+ 20. Kg1 Nf3+ 21.
Kf1 Qe6 22. Bxd6 Rfd8 23. Nf4 Qxd6 24. Qxd6 Rxd6 25. Re3 Rad8 26. Nxc5 Ng5 27.
Nxb7 Rd1+ 28. Rxd1 Rxd1+ 29. Re1 Rxe1+ 30. Kxe1 Nd7 31. Nd8 Kf8 32. Nc6 Nb6 33.
Nxa7 Ne6 34. b4 Nxf4 35. c4 Nxc4 36. Nc8 Nd5 37. Na7 Nxb4 38. Ke2 Nd5 39. Kd1
Ncb6 40. Kc2 Ke7 41. Nc6+ Kd6 42. Nd4 g6 0-1

[Event "corr freechess"]
[Site "freechess.de"]
[Date "2010.08.28"]
[Round "?"]
[White "Beneke, Stefan"]
[Black "Bock, Michael"]
[Result "1-0"]
[WhiteElo "1530"]
[BlackElo "2157"]
[PlyCount "49"]
[EventDate "2010.??.??"]
[EventType "tourn (corr)"]
[SourceTitle "OM Corr 202003"]
[Source "Opening Master"]
[SourceDate "2019.05.30"]
[SourceVersion "2"]
[SourceVersionDate "2019.05.30"]
[SourceQuality "1"]

1. e4 e5 2. Nf3 Nc6 3. c3 Nf6 4. d3 d6 5. Be2 Be7 6. O-O Be6 7. Ng5 Bd7 8. f4
h6 9. fxe5 Nxe5 10. Nf3 c5 11. Nxe5 dxe5 12. c4 O-O 13. Nc3 a6 14. Nd5 Nxd5 15.
cxd5 b5 16. Bg4 Qc8 17. Bxd7 Qxd7 18. Rf5 b4 19. b3 a5 20. Rxe5 Bd6 21. Rh5
Rae8 22. Qf3 Qc7 23. Qg4 Kh8 24. Bxh6 Rg8 25. Bxg7# 1-0

[Event "Havirov op 11th"]
[Site "Havirov"]
[Date "2010.08.27"]
[Round "7"]
[White "Reznicek, Marcel"]
[Black "Hladik, Oto"]
[Result "0-1"]
[WhiteElo "2049"]
[BlackElo "2194"]
[PlyCount "80"]
[EventDate "2010.08.21"]
[EventType "swiss"]
[EventRounds "9"]
[EventCountry "CZE"]
[SourceTitle "CBM 138 Extra"]
[Source "ChessBase"]
[SourceDate "2010.10.29"]
[SourceVersion "1"]
[SourceVersionDate "2010.10.29"]
[SourceQuality "1"]

1. e4 e5 2. Nf3 Nc6 3. c3 d5 4. Qa4 f6 5. Bb5 Nge7 6. exd5 Qxd5 7. d4 e4 8. Bc4
Qa5 9. Qxa5 Nxa5 10. Nfd2 Nxc4 11. Nxc4 Be6 12. Nbd2 O-O-O 13. O-O Nc6 14. Re1
f5 15. f4 h6 16. Ne5 Nxe5 17. dxe5 Bc5+ 18. Kh1 g5 19. Nb3 Bf2 20. Be3 Bxe1 21.
Rxe1 Bxb3 22. axb3 gxf4 23. Bxf4 Kd7 24. b4 Ke6 25. g3 Rd5 26. Kg2 h5 27. Kh3
h4 28. gxh4 Rd3+ 29. Re3 Rhd8 30. Rg3 Rh8 31. Be3 Rxe3 32. Rxe3 Kxe5 33. Rg3
Rh7 34. Rg8 Kf4 35. Rf8 e3 36. Kg2 Rd7 37. h5 Rd2+ 38. Kf1 Rxh2 39. Rf7 Rxh5
40. Rxc7 Kf3 0-1

[Event "Roosendaal op"]
[Site "Roosendaal"]
[Date "2010.08.27"]
[Round "1"]
[White "Broekmeulen, Jasper"]
[Black "Schuermans, Robert"]
[Result "1-0"]
[WhiteElo "2371"]
[BlackElo "2104"]
[PlyCount "47"]
[EventDate "2010.08.27"]
[EventType "swiss"]
[EventRounds "6"]
[EventCountry "NED"]
[SourceTitle "CBM 138 Extra"]
[Source "ChessBase"]
[SourceDate "2010.10.29"]
[SourceVersion "1"]
[SourceVersionDate "2010.10.29"]
[SourceQuality "1"]

1. e4 e5 2. Nf3 Nc6 3. c3 d5 4. Qa4 dxe4 5. Nxe5 Qd5 6. Nxc6 bxc6 7. Bc4 Qd6 8.
d3 exd3 9. O-O Bf5 10. Bf4 Qd7 11. Re1+ Be7 12. Nd2 Nf6 13. Nf3 O-O 14. Ne5 Qe8
15. Nxc6 Be4 16. Nxe7+ Qxe7 17. Bxd3 Rfe8 18. Bg5 Bc6 19. Qxc6 Qxe1+ 20. Rxe1
Rxe1+ 21. Bf1 Rd8 22. Bxf6 gxf6 23. Qxc7 Rdd1 24. Qc4 1-0

[Event "FICS rated standard game"]
[Site "FICS freechess.org"]
[Date "2010.08.27"]
[Round "?"]
[White "WolfiW"]
[Black "charzan"]
[Result "0-1"]
[WhiteElo "2167"]
[BlackElo "2381"]
[PlyCount "82"]
[EventDate "2010.??.??"]
[SourceTitle "OM Portal C 201906"]
[Source "Opening Master"]
[SourceDate "2019.06.27"]
[SourceVersion "1"]
[SourceVersionDate "2019.06.27"]
[SourceQuality "1"]

1. e4 e5 2. Nf3 Nc6 3. c3 d6 4. Bb5 Nf6 5. O-O Bd7 6. Re1 a6 7. Ba4 g6 8. d4 b5
9. Bc2 Bg7 10. h3 exd4 11. cxd4 Ne7 12. Nc3 O-O 13. Bg5 h6 14. Bh4 g5 15. Bg3
b4 16. Ne2 Re8 17. e5 dxe5 18. dxe5 Nfd5 19. Qd4 c5 20. Qd2 Rc8 21. Rad1 c4 22.
Ned4 Qb6 23. h4 g4 24. e6 Bxe6 25. Nxe6 fxe6 26. Ne5 c3 27. bxc3 Nxc3 28. Nxg4
Nxd1 29. Qxd1 Nf5 30. Bxf5 exf5 31. Qd5+ Kh8 32. Rxe8+ Rxe8 33. Qxf5 Re1+ 34.
Kh2 Qe6 35. Qf4 a5 36. Ne3 Re2 37. Nf5 Rxa2 38. Nxg7 Kxg7 39. Qc7+ Kg6 40. Qd8
b3 41. Qd3+ Kg7 0-1

[Event "FICS rated standard game"]
[Site "FICS freechess.org"]
[Date "2010.08.27"]
[Round "?"]
[White "WolfiW"]
[Black "diegodon"]
[Result "1-0"]
[WhiteElo "2182"]
[BlackElo "2032"]
[PlyCount "127"]
[EventDate "2010.??.??"]
[SourceTitle "OM Portal C 201906"]
[Source "Opening Master"]
[SourceDate "2019.06.27"]
[SourceVersion "1"]
[SourceVersionDate "2019.06.27"]
[SourceQuality "1"]

1. e4 e5 2. Nf3 Nc6 3. c3 d5 4. Bb5 dxe4 5. Nxe5 Qd5 6. Bxc6+ bxc6 7. d4 exd3
8. O-O Be6 9. Re1 Nf6 10. c4 Qd4 11. Nd2 Bc5 12. Qf3 O-O 13. Nb3 Qd6 14. Bf4
Bb4 15. Nxc6 d2 16. Red1 Qd7 17. Nxb4 Bg4 18. Qc6 Qxc6 19. Nxc6 Bxd1 20. Rxd1
Rfe8 21. Bxd2 Re6 22. Nbd4 Rd6 23. Bf4 Rd7 24. Re1 h5 25. f3 h4 26. Kf2 Nh5 27.
Bg5 f6 28. Bxh4 Nf4 29. Re3 a5 30. Bg3 Nh5 31. b3 a4 32. b4 a3 33. Nb5 Rd2+ 34.
Re2 Rb2 35. Bxc7 Re8 36. Ncd4 Rexe2+ 37. Nxe2 Rxa2 38. Nbc3 Rc2 39. b5 a2 40.
Nxa2 Rxa2 41. b6 Rb2 42. c5 f5 43. c6 Nf6 44. b7 Nd5 45. b8=Q+ Rxb8 46. Bxb8
Kf7 47. Nd4 g6 48. Bd6 Ke8 49. h4 Kd8 50. g4 fxg4 51. fxg4 Nf6 52. Kf3 Kc8 53.
Kf4 Nd5+ 54. Kg5 Ne3 55. h5 gxh5 56. gxh5 Nc4 57. Bf4 Nb6 58. h6 Nd5 59. h7
Nxf4 60. Kxf4 Kc7 61. h8=Q Kd6 62. Qd8+ Kc5 63. c7 Kb4 64. c8=Q 1-0